| 000 | 01020nam a22002537a 4500 | ||
|---|---|---|---|
| 005 | 20170124103035.0 | ||
| 010 | _aA-723554 | ||
| 020 | _c60.00 | ||
| 035 | _aA-723554 | ||
| 037 | _bCen Lib/Ret | ||
| 040 |
_aDPL _bHN |
||
| 082 |
_aउ _bझाराजे |
||
| 100 |
_aझा, राजेन्द्र _945684 |
||
| 245 |
_aउदास रस / _cराजेन्द्र झा |
||
| 246 |
_aUdaas ras / _bby Rajendra Jha |
||
| 260 |
_aदिल्ली _bशिखर प्रकाशन _c1995 |
||
| 270 |
_a1/7693, गली नं.3, नेहरु मार्ग, पूर्वी गोरखपार्क, शाहदरा _bदिल्ली _e110032 |
||
| 300 |
_a144पृ. _c17सेमी(सजिल्द) |
||
| 650 |
_aहिन्दी -- साहित्य _965104 |
||
| 650 |
_aहिन्दी -- उपन्यास _965105 |
||
| 650 |
_aHindi -- Literature _965106 |
||
| 650 |
_aHindi -- Fiction _927248 |
||
| 942 |
_2ddc _cHN _hउ _mझाराजे |
||
| 999 |
_c116156 _d116156 |
||